| 000 | 00412nam a2200157 i 4500 | ||
|---|---|---|---|
| 001 | 67864 | ||
| 003 | ES-MaACL | ||
| 005 | 20230906170148.0 | ||
| 007 | t| | ||
| 008 | 040206s1960 sp ||||1| spa d | ||
| 100 | 1 |
_aGallastegui, Luis. _953521 |
|
| 245 | 1 | 0 |
_aAl cabo de la calle / _cLuis Gallastegui. |
| 260 |
_aMadrid : _bAgora, _c[1960] |
||
| 300 |
_a45 p. ; _c24 cm. |
||
| 852 |
_aES-MaACL _j2021-F-7 _bR.46530 |
||
| 999 |
_c67864 _d67864 |
||